000
00321nam a2200133Ia 4500
008
190216s9999||||xx |||||||||||||| ||und||
100
_a
Mansfield D
245
0
_a
Electrochemistry
250
_a
1st Ed.
260
_b
Heinemann Educational Books Ltd
_c
1974
300
_a
63 p
650
_a
Chemistry-Chemistry
942
_c
BK
999
_c
2258
_d
2258